| 000 | 00501 a2200157 4500 | ||
|---|---|---|---|
| 999 |
_c41598 _d41598 |
||
| 003 | OSt | ||
| 005 | 20221007093426.0 | ||
| 008 | 221007b ||||| |||| 00| 0 eng d | ||
| 040 | _coclc | ||
| 082 |
_a633.18 _bYOS/F |
||
| 100 | 1 |
_99167 _aYoshida, Shouichi |
|
| 245 |
_aFundamentals of rice crop science / _cShouichi Yoshida |
||
| 260 |
_aPhilippines: _bThe International rice research institute, _c1981. |
||
| 300 | _a269 pages | ||
| 942 |
_2ddc _cBK _h633.18 _iYOS/F _k633.18 _mYOS/F |
||